Reflexiones en torno a la cultura: (Record no. 137626)

MARC details
000 -LEADER
fixed length control field nam a22 7a 4500
005 - DATE AND TIME OF LATEST TRANSACTION
control field 20171026090430.0
008 - FIXED-LENGTH DATA ELEMENTS--GENERAL INFORMATION
fixed length control field 171026b sp ||||| |||| 00| 0 spa d
020 ## - INTERNATIONAL STANDARD BOOK NUMBER
International Standard Book Number 8497720326
050 04 - LIBRARY OF CONGRESS CALL NUMBER
Classification number CB19
Item number P53 2003
100 1# - MAIN ENTRY--PERSONAL NAME
Personal name Pichardo Galán, José Ignacio
245 10 - TITLE STATEMENT
Title Reflexiones en torno a la cultura:
Remainder of title una apuesta por el interculturalismo /
Statement of responsibility, etc José Ignacio Pichardo Galán,
250 ## - EDITION STATEMENT
Edition statement 1a ed.
260 ## - PUBLICATION, DISTRIBUTION, ETC. (IMPRINT)
Place of publication, distribution, etc Madrid, España:
Name of publisher, distributor, etc Dykinson,
Date of publication, distribution, etc c2003
300 ## - PHYSICAL DESCRIPTION
Extent 138 p. ;
Dimensions 21 cm.
490 ## - SERIES STATEMENT
Series statement Biblioteca de humanidades contemporáneas ;
Volume number/sequential designation 9
504 ## - BIBLIOGRAPHY, ETC. NOTE
Bibliography, etc Incluye índice
650 #4 - SUBJECT ADDED ENTRY--TOPICAL TERM
Topical term or geographic name as entry element Cultura
650 #4 - SUBJECT ADDED ENTRY--TOPICAL TERM
Topical term or geographic name as entry element Civilización
General subdivision Filosofía
942 ## - ADDED ENTRY ELEMENTS (KOHA)
Source of classification or shelving scheme Biblioteca del Cogreso de los Estados Unidos
Koha item type Libro
Holdings
Estado de pérdida Fuente de clasificación Estado del daño No para préstamo Ubicación permanente Ubicación actual Apartado o colección Fecha de adquisición Fuente de adquisición Edición Dependencia de educación superior (DES) Área del conocimiento Clasificación Código de Barras Date last seen Número de copia Tipo de recurso
  Biblioteca del Cogreso de los Estados Unidos     Biblioteca de la Facultad de Filosofía Biblioteca de la Facultad de Filosofía General 26/10/2017 Unidad Académica Genérico 1a ed. Humanidades Educación y Humanidades CB19 P53 2003 BFF000028615 26/10/2017 C:1 Libro